| 000 | 00667nam a2200145Ia 4500 | ||
|---|---|---|---|
| 008 | 170221s9999 xx 000 0 und d | ||
| 100 | _aLiudmila A. Rapatskaia | ||
| 245 | _aManagement of Students Professional Competencies Formation on the basis of Interdisciplinary Integration | ||
| 245 | _cLiudmila A. Rapatskaia, Elena V. Alekseeva, Elvira M. Vorontsova, Valentina V. Konstantinova, Aida G. Sadykova, Konstantin B. Tumarov, Anna S. Streltsova, Fedor F. Timirov | ||
| 260 | _bInternational Review of Management and Marketing | ||
| 260 | _c2012 | ||
| 300 | _a7 : 2 | ||
| 650 | _xMarketing. | ||
| 856 | _uhttp://www.econjournals.com/index.php/irmm/issue/view/71 | ||
| 999 |
_c314050 _d314050 |
||